Guess countries by population. - Statistics

General Stats
  • This quiz has been taken 28 times
  • The average score is 100 of 196
Answers on the Map
Answers color-coded by a green-red scale on the quiz's map according to % correct below.
 
Answer Stats
Population Country % Correct
211,049,527 Brazil
93%
1,433,783,686 China
93%
1,366,417,754 India
93%
145,872,256 Russia
93%
329,064,917 United States of America
93%
100,388,073 Egypt
86%
216,565,318 Pakistan
86%
67,530,172 United Kingdom
86%
25,203,198 Australia
79%
126,860,301 Japan
79%
127,575,529 Mexico
79%
42,813,238 Sudan
79%
37,411,047 Canada
71%
65,129,728 France
71%
83,517,045 Germany
71%
82,913,906 Iran
71%
28,608,710 Nepal
71%
25,666,161 North Korea
71%
5,378,857 Norway
71%
37,887,768 Poland
71%
10,226,187 Portugal
71%
51,225,308 South Korea
71%
10,036,379 Sweden
71%
83,429,615 Turkey
71%
43,993,638 Ukraine
71%
38,041,754 Afghanistan
64%
31,825,295 Angola
64%
44,780,677 Argentina
64%
163,046,161 Bangladesh
64%
50,339,443 Colombia
64%
86,790,567 Democratic Republic of the Congo
64%
270,625,568 Indonesia
64%
39,309,783 Iraq
64%
60,550,075 Italy
64%
18,551,427 Kazakhstan
64%
52,573,973 Kenya
64%
6,777,452 Libya
64%
3,225,167 Mongolia
64%
36,471,769 Morocco
64%
23,310,715 Niger
64%
32,510,453 Peru
64%
46,736,776 Spain
64%
21,323,733 Sri Lanka
64%
799 Vatican City
64%
17,861,030 Zambia
64%
11,539,328 Belgium
57%
390,353 Belize
57%
763,092 Bhutan
57%
18,952,038 Chile
57%
5,771,876 Denmark
57%
10,738,958 Dominican Republic
57%
112,078,730 Ethiopia
57%
10,473,455 Greece
57%
339,031 Iceland
57%
4,882,495 Ireland
57%
7,169,455 Laos
57%
38,019 Liechtenstein
57%
19,658,031 Mali
57%
2,494,530 Namibia
57%
200,963,599 Nigeria
57%
7,044,636 Paraguay
57%
108,116,615 Philippines
57%
34,268,528 Saudi Arabia
57%
16,296,364 Senegal
57%
58,558,270 South Africa
57%
17,070,135 Syria
57%
9,321,018 Tajikistan
57%
69,037,513 Thailand
57%
3,461,734 Uruguay
57%
28,515,829 Venezuela
57%
96,462,106 Vietnam
57%
29,161,922 Yemen
57%
14,645,468 Zimbabwe
57%
43,053,054 Algeria
50%
8,955,102 Austria
50%
10,047,718 Azerbaijan
50%
11,801,151 Benin
50%
11,513,100 Bolivia
50%
2,303,697 Botswana
50%
20,321,378 Burkina Faso
50%
10,864,245 Burundi
50%
16,486,542 Cambodia
50%
25,876,380 Cameroon
50%
4,745,185 Central African Republic
50%
15,946,876 Chad
50%
11,333,483 Cuba
50%
17,373,662 Ecuador
50%
5,532,156 Finland
50%
2,172,579 Gabon
50%
8,519,377 Israel
50%
6,415,850 Kyrgyzstan
50%
4,937,374 Liberia
50%
615,729 Luxembourg
50%
31,949,777 Malaysia
50%
30,366,036 Mozambique
50%
54,045,420 Myanmar
50%
17,097,130 Netherlands
50%
4,783,063 New Zealand
50%
4,246,439 Panama
50%
2,832,067 Qatar
50%
5,380,508 Republic of the Congo
50%
12,626,950 Rwanda
50%
8,772,235 Serbia
50%
15,442,905 Somalia
50%
8,591,365 Switzerland
50%
23,773,876 Taiwan
50%
58,005,463 Tanzania
50%
11,694,719 Tunisia
50%
5,942,089 Turkmenistan
50%
44,269,594 Uganda
50%
9,770,529 United Arab Emirates
50%
389,482 Bahamas
43%
9,452,411 Belarus
43%
7,000,119 Bulgaria
43%
5,047,561 Costa Rica
43%
71,808 Dominica
43%
6,453,553 El Salvador
43%
3,497,117 Eritrea
43%
1,325,648 Estonia
43%
1,148,130 Eswatini
43%
2,347,706 Gambia
43%
3,996,765 Georgia
43%
28,833,629 Ghana
43%
17,581,472 Guatemala
43%
12,771,246 Guinea
43%
782,766 Guyana
43%
11,263,770 Haiti
43%
9,746,117 Honduras
43%
9,684,679 Hungary
43%
25,716,544 Ivory Coast
43%
10,101,694 Jordan
43%
1,788,891 Kosovo
43%
1,906,743 Latvia
43%
6,855,713 Lebanon
43%
2,125,268 Lesotho
43%
2,759,627 Lithuania
43%
26,969,307 Madagascar
43%
18,628,747 Malawi
43%
4,525,696 Mauritania
43%
113,815 Micronesia
43%
4,043,263 Moldova
43%
4,974,986 Oman
43%
18,008 Palau
43%
8,776,109 Papua New Guinea
43%
19,364,557 Romania
43%
182,790 Saint Lucia
43%
197,097 Samoa
43%
33,860 San Marino
43%
5,804,337 Singapore
43%
5,457,013 Slovakia
43%
11,062,113 South Sudan
43%
581,372 Suriname
43%
8,082,366 Togo
43%
1,394,973 Trinidad and Tobago
43%
32,981,716 Uzbekistan
43%
97,118 Antigua and Barbuda
36%
2,957,731 Armenia
36%
1,641,172 Bahrain
36%
287,025 Barbados
36%
3,301,000 Bosnia and Herzegovina
36%
433,285 Brunei
36%
549,935 Cape Verde
36%
850,886 Comoros
36%
4,130,304 Croatia
36%
10,689,209 Czechia
36%
973,560 Djibouti
36%
1,355,986 Equatorial Guinea
36%
889,953 Fiji
36%
112,003 Grenada
36%
1,920,922 Guinea-Bissau
36%
2,948,279 Jamaica
36%
4,207,083 Kuwait
36%
530,953 Maldives
36%
1,198,575 Mauritius
36%
6,545,502 Nicaragua
36%
2,083,459 North Macedonia
36%
52,823 Saint Kitts and Nevis
36%
110,589 Saint Vincent and the Grenadines
36%
215,056 Sao Tome and Principe
36%
97,739 Seychelles
36%
7,813,215 Sierra Leone
36%
2,078,654 Slovenia
36%
669,823 Solomon Islands
36%
1,293,119 Timor-Leste
36%
110,940 Tonga
36%
11,646 Tuvalu
36%
299,882 Vanuatu
36%
2,880,917 Albania
29%
1,179,551 Cyprus
29%
117,606 Kiribati
29%
440,372 Malta
29%
58,791 Marshall Islands
29%
627,987 Montenegro
29%
10,756 Nauru
29%
77,142 Andorra
21%
38,964 Monaco
21%
No matching quizzes found
Score Distribution
Percent of People with Each Score
Percentile by Number Answered
Your Score History
You have not taken this quiz